Britannica student encyclopedia.(Set,1-16) (Record no. 332527)

000 -LEADER
fixed length control field 01348cam a22003017a 4500
001 - CONTROL NUMBER
control field 16334251
003 - CONTROL NUMBER IDENTIFIER
control field NUST
005 - DATE AND TIME OF LATEST TRANSACTION
control field 20171212100034.0
008 - FIXED-LENGTH DATA ELEMENTS--GENERAL INFORMATION
fixed length control field 100715s2010 iluab j e 001 0 eng d
010 ## - LIBRARY OF CONGRESS CONTROL NUMBER
LC control number 2009904642
020 ## - INTERNATIONAL STANDARD BOOK NUMBER
International Standard Book Number 9781615353217
020 ## - INTERNATIONAL STANDARD BOOK NUMBER
International Standard Book Number 1615353216
035 ## - SYSTEM CONTROL NUMBER
System control number (OCoLC)ocn505926020
040 ## - CATALOGING SOURCE
Original cataloging agency IMF
Transcribing agency IMF
Modifying agency BTCTA
-- IK2
-- DLC
042 ## - AUTHENTICATION CODE
Authentication code lccopycat
050 00 - LIBRARY OF CONGRESS CALL NUMBER
Classification number AG5
Item number .B84 2010
082 ## - DEWEY DECIMAL CLASSIFICATION NUMBER
Classification number 031 ENC
245 00 - TITLE STATEMENT
Title Britannica student encyclopedia.(Set,1-16)
260 ## - PUBLICATION, DISTRIBUTION, ETC.
Place of publication, distribution, etc. Chicago :
Name of publisher, distributor, etc. Encyclopaedia Britannica,
Date of publication, distribution, etc. c2010.
300 ## - PHYSICAL DESCRIPTION
Extent 16 v. :
Other physical details ill. (some col.), col. maps ;
Dimensions 27 cm.
500 ## - GENERAL NOTE
General note H.B
505 0# - FORMATTED CONTENTS NOTE
Formatted contents note v. 1. A -- v. 2. B -- v. 3. C -- v. 4. D-E -- v. 5. F-G -- v. 6. H-I -- v. 7. J-K-L -- v. 8. M -- v. 9. N-O -- v. 10. P -- v. 11. Q-R -- v. 12. S -- v. 13. T -- v. 14. U-V -- v. 15. W-X-Y-Z -- [v. 16.] Index.
521 ## - TARGET AUDIENCE NOTE
Target audience note Grades 2-12; ages 7-18.
650 #0 - SUBJECT ADDED ENTRY--TOPICAL TERM
Topical term or geographic name entry element Children's encyclopedias and dictionaries.
9 (RLIN) 7168
650 #0 - SUBJECT ADDED ENTRY--TOPICAL TERM
Topical term or geographic name entry element English language
Form subdivision Encyclopedias.
9 (RLIN) 7169
650 #1 - SUBJECT ADDED ENTRY--TOPICAL TERM
Topical term or geographic name entry element Encyclopedias and dictionaries.
9 (RLIN) 7170
730 0# - ADDED ENTRY--UNIFORM TITLE
Uniform title Encyclopaedia Britannica.
9 (RLIN) 7171
906 ## - LOCAL DATA ELEMENT F, LDF (RLIN)
a 7
b cbc
c copycat
d 2
e epcn
f 20
g y-gencatlg
942 ## - ADDED ENTRY ELEMENTS (KOHA)
Source of classification or shelving scheme
Koha item type Encyclopedia
Call number prefix IESE
Holdings
Withdrawn status Lost status Source of classification or shelving scheme Damaged status Not for loan Collection code Permanent Location Current Location Shelving location Date acquired Total Checkouts Full call number Barcode Date last seen Price effective from Koha item type
            Institute of Environmental Science and Engineering (IESE) Institute of Environmental Science and Engineering (IESE) Reference 12/12/2017   031 ENC IESE-2657 12/12/2017 12/12/2017 Encyclopedia
            Institute of Environmental Science and Engineering (IESE) Institute of Environmental Science and Engineering (IESE) Reference 12/12/2017   031 ENC IESE-2658 12/12/2017 12/12/2017 Encyclopedia
            Institute of Environmental Science and Engineering (IESE) Institute of Environmental Science and Engineering (IESE) Reference 12/12/2017   031 ENC IESE-2659 12/12/2017 12/12/2017 Encyclopedia
            Institute of Environmental Science and Engineering (IESE) Institute of Environmental Science and Engineering (IESE) Reference 12/12/2017   031 ENC IESE-2660 12/12/2017 12/12/2017 Encyclopedia
            Institute of Environmental Science and Engineering (IESE) Institute of Environmental Science and Engineering (IESE) Reference 12/12/2017   031 ENC IESE-2661 12/12/2017 12/12/2017 Encyclopedia
            Institute of Environmental Science and Engineering (IESE) Institute of Environmental Science and Engineering (IESE) Reference 12/12/2017   031 ENC IESE-2662 12/12/2017 12/12/2017 Encyclopedia
            Institute of Environmental Science and Engineering (IESE) Institute of Environmental Science and Engineering (IESE) Reference 12/12/2017   031 ENC IESE-2663 12/12/2017 12/12/2017 Encyclopedia
            Institute of Environmental Science and Engineering (IESE) Institute of Environmental Science and Engineering (IESE) Reference 12/12/2017   031 ENC IESE-2672 12/12/2017 12/12/2017 Encyclopedia
            Institute of Environmental Science and Engineering (IESE) Institute of Environmental Science and Engineering (IESE) Reference 12/12/2017   031 ENC IESE-2671 12/12/2017 12/12/2017 Encyclopedia
            Institute of Environmental Science and Engineering (IESE) Institute of Environmental Science and Engineering (IESE) Reference 12/12/2017   031 ENC IESE-2670 12/12/2017 12/12/2017 Encyclopedia
            Institute of Environmental Science and Engineering (IESE) Institute of Environmental Science and Engineering (IESE) Reference 12/12/2017   031 ENC IESE-2669 12/12/2017 12/12/2017 Encyclopedia
            Institute of Environmental Science and Engineering (IESE) Institute of Environmental Science and Engineering (IESE) Reference 12/12/2017   031 ENC IESE-2668 12/12/2017 12/12/2017 Encyclopedia
            Institute of Environmental Science and Engineering (IESE) Institute of Environmental Science and Engineering (IESE) Reference 12/12/2017   031 ENC IESE-2667 12/12/2017 12/12/2017 Encyclopedia
            Institute of Environmental Science and Engineering (IESE) Institute of Environmental Science and Engineering (IESE) Reference 12/12/2017   031 ENC IESE-2666 12/12/2017 12/12/2017 Encyclopedia
            Institute of Environmental Science and Engineering (IESE) Institute of Environmental Science and Engineering (IESE) Reference 12/12/2017   031 ENC IESE-2665 12/12/2017 12/12/2017 Encyclopedia
            Institute of Environmental Science and Engineering (IESE) Institute of Environmental Science and Engineering (IESE) Reference 12/12/2017   031 ENC IESE-2664 12/12/2017 12/12/2017 Encyclopedia
© 2023 Central Library, National University of Sciences and Technology. All Rights Reserved.